Nutritional assessment / (Record no. 614526)

000 -LEADER
fixed length control field 02181cam a2200373 i 4500
001 - CONTROL NUMBER
control field 19789770
005 - DATE AND TIME OF LATEST TRANSACTION
control field 20250819111356.0
008 - FIXED-LENGTH DATA ELEMENTS--GENERAL INFORMATION
fixed length control field 170717s2019 nyua b 001 0 eng
010 ## - LIBRARY OF CONGRESS CONTROL NUMBER
LC control number 2017033767
020 ## - INTERNATIONAL STANDARD BOOK NUMBER
International Standard Book Number 9781260084481
Qualifying information pbk.
040 ## - CATALOGING SOURCE
Original cataloging agency LOC
Transcribing agency NSHS
042 ## - AUTHENTICATION CODE
Authentication code pcc
082 00 - DEWEY DECIMAL CLASSIFICATION NUMBER
Classification number 614.42
Author Mark NIE
100 1# - MAIN ENTRY--PERSONAL NAME
Personal name Nieman, David C.,
Dates associated with a name 1950-
Relator term author.
9 (RLIN) 130325
245 10 - TITLE STATEMENT
Title Nutritional assessment /
Statement of responsibility, etc. David C. Nieman, DrPH, FACSM, Appalachian State University, North Carolina Research Campus.
250 ## - EDITION STATEMENT
Edition statement Seventh edition.
264 #1 - PRODUCTION, PUBLICATION, DISTRIBUTION, MANUFACTURE, AND COPYRIGHT NOTICE
Place of production, publication, distribution, manufacture New York, NY :
Name of producer, publisher, distributor, manufacturer McGraw-Hill Education,
Date of production, publication, distribution, manufacture, or copyright notice 2019
300 ## - PHYSICAL DESCRIPTION
Extent xii, 480 pages :
Other physical details illustrations ;
Dimensions 28 cm
336 ## - CONTENT TYPE
Content type term text
Content type code txt
Source rdacontent
337 ## - MEDIA TYPE
Media type term unmediated
Media type code n
Source rdamedia
338 ## - CARRIER TYPE
Carrier type term volume
Carrier type code nc
Source rdacarrier
500 ## - GENERAL NOTE
General note Revised edition of: Nutritional assessment / Robert D. Lee, David C. Nieman. 6th ed. 2013.
504 ## - BIBLIOGRAPHY, ETC. NOTE
Bibliography, etc. note Includes bibliographical references and index.
505 ## - FORMATTED CONTENTS NOTE
Formatted contents note 1. Introduction to Nutritional Assessment -- 2. Standards for Nutrient Intake -- 3. Measuring Diet -- 4. National Dietary and Nutrition Surveys -- 5. Computerized Dietary Analysis Systems -- 6. Anthropometry -- 7. Assessment of the Hospitalized Patient -- 8. Nutritional Assessment in Prevention and Treatment of Cardiovascular Disease -- 9. Biochemical Assessment of Nutritional Status -- 10. Clinical Assessment of Nutritional Status -- 11. Counseling Theory and Technique -- Appendices A–K.
520 ## - SUMMARY, ETC.
Summary, etc. An up-to-date, comprehensive textbook covering dietary, anthropometric, biochemical, and clinical methods of nutritional assessment, widely used by professionals in public health, clinical nutrition, sports medicine, and community nutrition.
546 ## - LANGUAGE NOTE
Language note In English
650 #0 - SUBJECT ADDED ENTRY--TOPICAL TERM
Topical term or geographic name entry element Nutrition surveys.
9 (RLIN) 130326
650 #0 - SUBJECT ADDED ENTRY--TOPICAL TERM
Topical term or geographic name entry element Nutrition
General subdivision Evaluation.
9 (RLIN) 130327
650 #0 - SUBJECT ADDED ENTRY--TOPICAL TERM
Topical term or geographic name entry element Nutrition disorders
General subdivision Diagnosis.
9 (RLIN) 130328
906 ## - LOCAL DATA ELEMENT F, LDF (RLIN)
a 7
b cbc
c orignew
d 1
e ecip
f 20
g y-gencatlg
942 ## - ADDED ENTRY ELEMENTS (KOHA)
Source of classification or shelving scheme
Koha item type Book
Holdings
Withdrawn status Lost status Source of classification or shelving scheme Damaged status Not for loan Permanent Location Current Location Shelving location Date acquired Source of acquisition Cost, normal purchase price Total Checkouts Total Renewals Full call number Barcode Date last seen Date last checked out Copy number Cost, replacement price Price effective from Koha item type
          NUST School of Health Sciences (NSHS) NUST School of Health Sciences (NSHS) General Stacks 08/07/2025 Golden Books 39289.00 1 1 614.42 NIE NSHS-2059 03/13/2026 09/08/2025 c.1 78578.00 08/07/2025 Book
          NUST School of Health Sciences (NSHS) NUST School of Health Sciences (NSHS) Reference 08/07/2025 Golden Books 39289.00     R 614.42 NIE NSHS-2060 08/19/2025   c.2 78578.00 08/07/2025 Book
© 2023 Central Library, National University of Sciences and Technology. All Rights Reserved.